Cadillac Cars by Picture - Statistics

General Stats
  • This quiz has been taken 221 times
  • The average score is 4 of 7
Answer Stats
Picture Answer % Correct
Escalade
99%
CTS
66%
ATS
53%
XT5
42%
CT6
40%
XT4
40%
XTS
38%
No matching quizzes found
Score Distribution
Percent of People with Each Score
Percentile by Number Answered
Your Score History
You have not taken this quiz